00945nam a2200229 a 450000100100000000500170001000800410002704000250006808200150009310000260010824000360013424500690017026000410023930000210028049000350030150000270033659000760036370000320043983000420047195201850051399900170069800003483920200930073933.0111020s1946 ag 000 0 spa d aDO-SdBNPbspacBNPHU axxxbS468s1 aSelsam, Howard96036710aSocialism and ethicslEspañol10aSocialismo y ética /cHoward Selsam ; traductor Armando Bazan. aBuenos Aires :bSiglo Veinte,c1946. a284 p. ;c20 cm.1 aEconomía y política social aTraducido del inglés aPerteneció a la biblioteca personal de Juan Isidro Jimenes Grullón.1 aBazan, Armando,etr.960368 0aEconomía y política social960369 001050718MOaGRbGRcCTd2011-10-20iLF1l0oxxx S468sp34839-10r2020-06-25w2020-06-25y1zPerteneció a la biblioetca personal de Juan Isidro Jimenes GrullónZNo se presta c34330d34330